The story of Christianity / (Record no. 8823)
[ view plain ]
| 000 -LEADER | |
|---|---|
| fixed length control field | 03338cam a2200325Ia 4500 |
| 001 - CONTROL NUMBER | |
| control field | 667271365 |
| 003 - CONTROL NUMBER IDENTIFIER | |
| control field | OCoLC |
| 005 - DATE AND TIME OF LATEST TRANSACTION | |
| control field | 20241126110659.0 |
| 008 - FIXED-LENGTH DATA ELEMENTS--GENERAL INFORMATION | |
| fixed length control field | 100930s2010 nyuab b 001 0 eng |
| 020 ## - INTERNATIONAL STANDARD BOOK NUMBER | |
| International Standard Book Number | 006185588X (v.1) |
| 020 ## - INTERNATIONAL STANDARD BOOK NUMBER | |
| International Standard Book Number | 9780061855887 (v.1) |
| 020 ## - INTERNATIONAL STANDARD BOOK NUMBER | |
| International Standard Book Number | 0061855898 (v.2) |
| 020 ## - INTERNATIONAL STANDARD BOOK NUMBER | |
| International Standard Book Number | 9780061855894 (v.2) |
| 035 ## - SYSTEM CONTROL NUMBER | |
| System control number | (OCoLC)667271365 |
| Canceled/invalid control number | (OCoLC)671245108 |
| -- | (OCoLC)694481766 |
| 040 ## - CATALOGING SOURCE | |
| Original cataloging agency | SLT |
| Transcribing agency | SLT |
| Modifying agency | TOH |
| -- | CLU |
| -- | EYP |
| -- | SNM |
| -- | LMR |
| -- | BTA |
| -- | OCLCA |
| -- | OCLCF |
| 082 04 - DEWEY DECIMAL CLASSIFICATION NUMBER | |
| Classification number | 270 |
| Edition information | 22 |
| Item number | GON |
| 090 ## - LOCALLY ASSIGNED LC-TYPE CALL NUMBER (OCLC); LOCAL CALL NUMBER (RLIN) | |
| Classification number (OCLC) (R) ; Classification number, CALL (RLIN) (NR) | BR142 |
| Local cutter number (OCLC) ; Book number/undivided call number, CALL (RLIN) | .G66 2010 |
| 100 1# - MAIN ENTRY--PERSONAL NAME | |
| Personal name | Gonz©Łlez, Justo L |
| 9 (RLIN) | 15518 |
| 245 14 - TITLE STATEMENT | |
| Title | The story of Christianity / |
| Statement of responsibility, etc. | Justo L. Gonzalez |
| 246 12 - | |
| -- | Early Church to the dawn of the Reformation |
| 246 12 - | |
| -- | Reformation to the present day |
| 250 ## - EDITION STATEMENT | |
| Edition statement | Rev. and updated, 2nd ed |
| 260 ## - PUBLICATION, DISTRIBUTION, ETC. | |
| Place of publication, distribution, etc. | New York : |
| Name of publisher, distributor, etc. | HarperOne, |
| Date of publication, distribution, etc. | c2010 |
| 300 ## - PHYSICAL DESCRIPTION | |
| Extent | 2 v. : |
| Other physical details | ill., maps, ports. ; |
| Dimensions | 23 cm |
| 504 ## - BIBLIOGRAPHY, ETC. NOTE | |
| Bibliography, etc. note | Includes bibliographical references and index |
| 505 0# - FORMATTED CONTENTS NOTE | |
| Formatted contents note | v. 1. The Early Church to the dawn of the Reformation -- The fullness of time -- The Church in Jerusalem -- Mission to the Gentiles -- First conflicts with the state -- Persecution in the second century -- The defense of the faith -- The deposit of the faith -- The teachers of the Church -- Persecution in the third century -- Christian life -- The Great Persecution and the final victory -- Constantine --- Official theology: Eusebius fo Caesarea -- The monastic reaction -- The schismatic reaction: Donatism -- The Arian controversy and the Council of Nicea -- The Pagan reaction: Julian the Apostate -- Athanasius of Alexandria -- The Great Cappadocians -- Ambrose of Milan -- John Chrysostom -- Jerome -- Augustine of Hippo -- Beyond the Borders of the Empire -- The end of an era -- The new order -- Eastern Christianity -- Imperial restoration and continuing decay -- Movements of renewal -- The offensive against Islam -- The Golden Age of Medieval Christianity -- The collapse -- In quest of Reformation -- Renaissance and humanism -- Spain and the New World -- The Portuguese enterprise -- |
| 505 0# - FORMATTED CONTENTS NOTE | |
| Formatted contents note | v. 2. The Reformation to the present day -- The call for Reformation -- Martin Luther: pilgrimage to Reformation -- An uncertain decade -- Luther's theology -- Ulrich Zwingli and the Swiss Reformation -- The radical Reformation -- John Calvin -- The Reformation in Great Britain -- Further developments within Lutheranism -- The Reformation in the Low Countries -- Protestantism in France -- The Catholic Reformation -- Protestantism at the edges -- A convulsed age -- An age of dogma and doubt -- The Thirty Years' War -- The Church of the desert -- The Puritan Reformation -- Catholic Orthodoxy -- Lutheran Orthodoxy -- Reformed Orthodoxy -- The rationalist option -- The spiritualist option -- The pietist option -- The thirteen colonies -- An age beyond Christendom -- A shifting landscape: the United States -- A shifting landscape: Western Europe -- A shifting landscape: Latin America -- A shifting landscape: Eastern Christianity -- Protestant theology -- Catholicism in the face of modernity -- Geographic expansion -- Roman Catholic Christianity -- Crisis at the center: Protestantism in Europe -- Crisis at the center: Protestantism in the United States -- Vitality at the periphery -- A global history |
| 650 #0 - SUBJECT ADDED ENTRY--TOPICAL TERM | |
| Topical term or geographic name entry element | Church history |
| 9 (RLIN) | 117 |
| 942 ## - ADDED ENTRY ELEMENTS (KOHA) | |
| Source of classification or shelving scheme | Dewey Decimal Classification |
| Koha item type | Books |
| Koha issues (borrowed), all copies | 28 |
| Withdrawn status | Lost status | Source of classification or shelving scheme | Damaged status | Not for loan | Home library | Current Library | Shelving location | Date acquired | Total checkouts | Total renewals | Full call number | Barcode | Date last seen | Date last checked out | Copy number | Price effective from | Koha item type |
|---|---|---|---|---|---|---|---|---|---|---|---|---|---|---|---|---|---|
| Dewey Decimal Classification | GRACE BIBLE COLLEGE | GRACE BIBLE COLLEGE | Church History | 2021-11-05 | 12 | 1 | 270 GON | 015277 | 2026-03-16 | 2026-03-13 | v.1 c.1 | 2021-11-05 | Books | ||||
| Dewey Decimal Classification | GRACE BIBLE COLLEGE | GRACE BIBLE COLLEGE | Church History | 2021-11-05 | 10 | 1 | 270 GON | 015278 | 2026-03-16 | 2026-03-09 | v.1 c.2 | 2021-11-05 | Books | ||||
| Dewey Decimal Classification | GRACE BIBLE COLLEGE | GRACE BIBLE COLLEGE | Church History | 2021-11-05 | 15 | 2 | 270 GON | 015279 | 2026-02-13 | 2026-02-10 | v.1 c.3 | 2021-11-05 | Books | ||||
| Dewey Decimal Classification | GRACE BIBLE COLLEGE | GRACE BIBLE COLLEGE | Church History | 2021-11-05 | 16 | 2 | 270 GON | 015280 | 2026-03-16 | 2026-03-06 | v.1 c.4 | 2021-11-05 | Books |